000 01234nam a22003137a 4500
003 OSt
005 20210309160257.0
008 210309s1993 ck ahobgr|||| 001 0 spa d
020 _a9586143554
_qObra completa
020 _a9586143562
_qEjercito I
020 _a9586143570
_qEjercito II
020 _a9586143589
_qEjercito III
020 _a9586143597
_qArmada Nacional
020 _a9586143600
_qFuerza Aérea Colombiana
040 _aCO-JMCR
_cCO-JMCR
041 0 _aspa
082 0 4 _aR / 355.009861 /
_bV152h
_223
100 1 _aValencia Tovar, Alvaro,
_edirector
_914621
245 1 0 _aHistoria de las Fuerzas Militares de Colombia /
_cdirector académico General Alvaro Valencia Tovar
260 _aBogotá :
_bPlaneta,
_c1993
300 _a6 volúmenes :
_bilustraciones, facsíms, fotografías y mapas a blanco y negro ;
_c26 cm.
_f
500 _aIncluye índice alfabético.
504 _aBibliografía al final de cada volumen.
505 2 _gv. 1-3.
_tEjército
_gv. 4.
_tArmada Nacional
_gv. 5.
_tFuerza Aérea Colombiana
610 1 4 _aColombia
_bFuerzas Armadas
_xhistoria
_914622
610 1 4 _aColombia
_bFuerza Aérea
_xhistoria
_914623
610 1 4 _aColombia
_bEjercito Nacional
_xhistoria
_914624
942 _2ddc
_cBK
999 _c7511
_d7511